LEADER 01048nam a2200313 i 4500 001 991000916639707536 005 20020507103203.0 008 940303s1976 de ||| | eng 020 $a3540077782 035 $ab10147810-39ule_inst 035 $aLE00639091$9ExL 040 $aDip.to Fisica$bita 084 $a53(06) 084 $a53.3.2 084 $a539.72 100 1 $aRollnik, Horst$0461836 245 10$aElementary particle physics /$ccontributions by E. Paul, H. Rollnik, P. Stichel 260 $aBerlin :$bSpringer-Verlag,$c1976 300 $a145 p. :$bill. ;$c24 cm. 490 0 $aSpringer Tracts in Modern Physics ;$v79 650 4$aElementary particles 700 1 $aStichel, P. 700 1 $aPaul, E.B. 907 $a.b10147810$b17-02-17$c27-06-02 912 $a991000916639707536 945 $aLE006 53(06) SPR$g1$i2006000077514$lle006$o-$pE0.00$q-$rl$s- $t0$u0$v0$w0$x0$y.i1017607x$z27-06-02 996 $aElementary particle physics$9186603 997 $aUNISALENTO 998 $ale006$b01-01-94$cm$da $e-$feng$gde $h0$i1 LEADER 02316nam 2200577 450 001 9910707352103321 005 20160720100625.0 035 $a(CKB)5470000002463997 035 $a(OCoLC)953796060 035 $a(EXLCZ)995470000002463997 100 $a20160720j199608 ua 0 101 0 $aeng 135 $aurbn||||||||| 181 $ctxt$2rdacontent 182 $cc$2rdamedia 183 $acr$2rdacarrier 200 10$aForced response testing of anaxi-centrifugal turboshaft engine /$fA. Karl Owen [and three others] 210 1$aCleveland, Ohio :$cNational Aeronautics and Space Administration, Lewis Research Center ;$aAdelphi, Maryland :$cU.S. Army Research Laboratory,$dAugust 1996. 215 $a1 online resource (16 pages) $cillustrations 225 1 $aNASA technical memorandum ;$v107282 225 1 $aArmy Research Laboratory technical report ;$vARL-TR-1151 300 $aTitle from title screen (viewed July 20, 2016). 300 $a"August 1996"--Report documentation page. 300 $a"Prepared for the 32nd Joint Propulsion Conference cosponsored by AIAA, ASME, SAE, and ASEE, Lake Buena Vista, Florida, July 1-3, 1996." 300 $a"Performing organization: NASA Lewis Research Center and Vehicle Propulsion Directorate, U.S. Army Research Laboratory"--Report documentation page. 300 $a"AIAA-96-2573." 320 $aIncludes bibliographical references (page 16). 606 $aTurboshafts$2nasat 606 $aCentrifugal force$2nasat 606 $aAxial loads$2nasat 606 $aDigital techniques$2nasat 606 $aCentrifugal compressors$2nasat 606 $aDynamic response$2nasat 606 $aEngine tests$2nasat 615 7$aTurboshafts. 615 7$aCentrifugal force. 615 7$aAxial loads. 615 7$aDigital techniques. 615 7$aCentrifugal compressors. 615 7$aDynamic response. 615 7$aEngine tests. 700 $aOwen$b A. Karl$01389369 712 02$aLewis Research Center, 712 02$aU.S. Army Research Laboratory, 712 02$aUnited States.$bNational Aeronautics and Space Administration, 801 0$bGPO 801 1$bGPO 906 $aBOOK 912 $a9910707352103321 996 $aForced response testing of anaxi-centrifugal turboshaft engine$93528348 997 $aUNINA